INDIAN ECONOMY (Record no. 8046)

MARC details
000 -LEADER
fixed length control field 00433nam a22001697a 4500
005 - DATE AND TIME OF LATEST TRANSACTION
control field 20221215144927.0
008 - FIXED-LENGTH DATA ELEMENTS--GENERAL INFORMATION
fixed length control field 221215b |||||||| |||| 00| 0 eng d
020 ## - INTERNATIONAL STANDARD BOOK NUMBER
ISBN 978-93-5596-423-6
041 ## - LANGUAGE CODE
Language code of text/sound track or separate title eng
082 ## - DEWEY DECIMAL CLASSIFICATION NUMBER
Classification number 332.1-PUR-I
100 ## - MAIN ENTRY--AUTHOR NAME
Personal name PURI, V.K.,MISRA ,S.K,AND GARG BHARAT.
245 ## - TITLE STATEMENT
Title INDIAN ECONOMY
250 ## - EDITION STATEMENT
Edition statement 40th ed.
260 ## - PUBLICATION, DISTRIBUTION, ETC. (IMPRINT)
Place of publication MUMBAI
Name of publisher HIMALAYA PUBLISHING HOUSE
Year of publication 2022
300 ## - PHYSICAL DESCRIPTION
Number of Pages 818;P.
942 ## - ADDED ENTRY ELEMENTS (KOHA)
Koha item type Books
Holdings
Lost status Damaged status Collection code Home library Current library Shelving location Date acquired Source of acquisition Cost, normal purchase price Full call number Accession Number Koha item type
    MANAGEMENT JRU Library JRU Library SHELF-58-E 06/10/2022 DONATED 825.00 332.1-PUR-I 26866 Books